000 02623cas a2200553 a 4500
001 13509942
003 OSt
005 20110521085740.0
008 810609c19689999ke fx w 0 a0eng c
010 _asn 77010917
_z 2003408715
022 _a1684-4874
035 _a(OCoLC)ocm07489384
040 _aN
_cN
_dN
_dOCoLC
_dDLC
_dMH-L
_dMiU-L
_dOCoLC
_dDLC
042 _apcc
043 _afe-----
050 0 0 _aKQC20
_b.E17
050 1 4 _aKRL2.23.A2
_bE27x
082 _a348.042 EAS
245 0 4 _aThe East Africa law reports 2006 Vol.2 /
246 1 _iCitation title, 1968-1975:
_aE.A.
246 1 _iCitation title, 1976/1985-<2008>:
_aEA
246 1 _iBinder's title, 1968-1971, 1973 :
_aLaw reports of the Court of Appeals for Eastern Africa
246 3 _aE A
246 1 3 _aEALR
260 _aLondon :
_bButterworths,
_cc2007-
260 3 _aDurban, South Africa :
_bLexisNexis Butterworths ;
_aNairobi, Kenya :
_bLawAfrica
300 _av. ;
_c25 cm.
310 _aAnnual,
_b1999-<2008>
321 _aFrequency varies
362 0 _a1968-
500 _aIssues for 1968-1975 consist of cases from the Court of Appeal for East Africa, and the High Courts of Kenya, Tanzania, and Uganda; issues for 1999-<2003> consist of cases from the High Courts, other East African Courts, and the Court of Justice for the Common Market for Eastern and Southern Africa.
500 _aIssue for 1975 reprinted in 1984 by: Professional Books Ltd., Abingdon, Oxon.
_5DLC
515 _aPublication suspended from 1976-1999. Gap volumes are published retrospectively (not in chronological order) covering 1976-1999.
515 _aReports for 1999-<2008> issued in 2 vols. a year.
650 0 _aLaw reports, digests, etc.
_zAfrica, East.
_93979
710 2 _aCourt of Appeal for East Africa.
_92556
710 1 _aKenya.
_bHigh Court.
_93980
710 1 _aTanzania.
_bHigh Court.
_93981
710 1 _aUganda.
_bHigh Court.
_93982
710 2 _aCommon Market for Eastern and Southern Africa.
_bCourt of Justice.
_93983
776 0 8 _iAlso issued on CD-ROM as:
_tEast Africa law reports series on CD-ROM
_w(OCoLC)53371572
780 0 0 _tEastern Africa law reports
_w(DLC) 62051069
_w(OCoLC)1567271
906 _a7
_bcbc
_cserials
_d2
_encip
_f19
_gn-oclcserc
942 _2ddc
_cLRT
999 _c1814
_d1814